LEADER 00683nam0 2200241 450 001 000004911 005 20030910121816.0 010 $a88-348-1244-1 100 $a20030910d2001----km-y0itay50------ba 101 0 $aita 102 $aIT 200 1 $aDiritto sindacale$fLuisa Galantino 205 $a11. ed. aggiornata al 30 giugno 2001 210 $aTorino$cGiappichelli$d2001c 215 $aXI, 251 p.$d24 cm 610 1 $aDiritto sindacale 676 $a344.450188 700 1$aGalantino,$bLuisa$0133027 801 0$aIT $bUNIPARTHENOPE $gRICA $2UNIMARC 912 $a000004911 951 $cNAVA1$a344-D/31$b36175$d20030930 996 $aDiritto sindacale$9208153 997 $aUNIPARTHENOPE LEADER 05465nam 2200685Ia 450 001 9910457300903321 005 20200424160343.0 010 $a1-280-75202-5 010 $a9786610752027 010 $a0-08-046949-3 035 $a(CKB)1000000000349895 035 $a(EBL)285823 035 $a(OCoLC)225369504 035 $a(SSID)ssj0000243273 035 $a(PQKBManifestationID)12052396 035 $a(PQKBTitleCode)TC0000243273 035 $a(PQKBWorkID)10320513 035 $a(PQKB)11224430 035 $a(PQKBManifestationID)16031886 035 $a(PQKB)22174893 035 $a(OCoLC)795012817 035 $a(MiAaPQ)EBC285823 035 $a(CaSebORM)9780750678827 035 $a(EXLCZ)991000000000349895 100 $a20061215d2007 uy 0 101 0 $aeng 135 $aur|n|---||||| 181 $ctxt 182 $cc 183 $acr 200 10$aSecurity operations management$b[electronic resource] /$fRobert D. McCrie 205 $a2nd ed. 210 $aAmsterdam ;$aBoston $cButterworth-Heinemann, an imprint of Elsevier$d2007 215 $a1 online resource (411 p.) 300 $aDescription based upon print version of record. 311 $a0-12-802618-9 311 $a0-7506-7882-8 320 $aIncludes bibliographical references and index. 327 $aFront cover; Title page; Copyright page; Table of Contents; Preface; Acknowledgments; Part I: General Fundamentals and Competencies; Chapter 1: Security Operations in the Management Environment; ORGANIZATIONS AND MANAGERS; A POINT ABOUT TITLES; WHAT IS THE PURPOSE OF AN EXECUTIVE?; WHAT IS THE STRATEGY OF MANAGEMENT?; THE CHARACTERISTICS OF MODERN ORGANIZATIONS; HOW ORGANIZATIONS ARE STRUCTURED; GOVERNMENT SECURITY OPERATIONS; LAYERS OF MANAGEMENT; SECURITY IN THE ORGANIZATIONAL HIERARCHY; STRUCTURE OF A COMPLEX SECURITY DEPARTMENT; ETHICS AND SECURITY OPERATIONS; SUMMARY 327 $aDISCUSSION AND REVIEWENDNOTES; ADDITIONAL REFERENCES; Chapter 2: Core Competencies to Initiate Effective Protection Programs; CORE COMPETENCIES OF SECURITY OPERATIONS; HOW CONTEMPORARY SECURITY SERVICES HAVE EVOLVED; WHAT DRIVES SECURITY OPERATIONS?; A BRIEF HISTORY OF A GROWING FIELD; THE GROWTH OF THE MODERN PROTECTIVE INDUSTRY; HOW SECURITY EXECUTIVES RANK PRIORITIES; SPECIFIC CONCERNS FOR DIFFERENT INDUSTRIES; SUMMARY; DISCUSSION AND REVIEW; ENDNOTES; ADDITIONAL REFERENCES; Chapter 3: Staffing to Meet Protective Goals; PERSONNEL PLANNING; JOB DESCRIPTIONS; NEGLIGENT HIRING LITIGATION 327 $aTHE VETTING PROCESSSUMMARY; DISCUSSION AND REVIEW; ENDNOTES; ADDITIONAL REFERENCES; Chapter 4: Training and Development for High Performance; WHY TRAIN, ANYHOW?; THE TRAINING MANAGER OF OFFICER; PLANNING TRAINING AND DEVELOPMENT REQUIREMENTS; THE ORIENTATION; TRAINING TECHNIQUES; FIREARMS TRAINING; ONGOING "IN-SERVICE" TRAINING; SECURITY TRAINING FOR NONSECURITY PERSONNEL; TRAINING FOR TRAINERS AND SUPERVISORS; DEVELOPMENT AND EDUCATION FOR MANAGERS AND EXECUTIVES; MEASURING EFFECTIVENESS; SUMMARY; DISCUSSION AND REVIEW; ENDNOTES; ADDITIONAL REFERENCES 327 $aChapter 5: Supporting and Motivating Supervisors and StaffSUPPORTING SUPERVISORS AND STAFF; SAFETY AT WORK: THE RESPONSIBILITY OF SUPERVISORS; WHY BE A SUPERVISOR, ANYWAY?; DUTIES OF EMPLOYEES TO SUPERVISORS AND THE WORKPLACE; MOTIVATING SUPERVISORS AND STAFF; TIME MANAGEMENT FOR SUPERVISORS AND MANAGERS; THE COMPLEXITY OF MOTIVATION; THE LIMITATIONS OF MOTIVATION RESEARCH; SUMMARY; DISCUSSION AND REVIEW; ENDNOTES; ADDITIONAL REFERENCES; Chapter 6: Appraising and Promoting People in Security Programs; THE DIFFICULTIES OF PERFORMANCE APPRAISAL; WHO SHOULD BE APPRAISED AND WHEN? 327 $aAPPRAISAL FOR ALL LEVELS AND BY ALL LEVELSWHAT TYPES OF EVALUATION DO WORKERS PREFER?; WHAT NEEDS TO BE EVALUATED?; USING A FORMAL APPRAISAL DOCUMENT; JOB PERFORMANCE RATING; THE NEED FOR APPRAISAL DOCUMENTATION; OTHER WRITTEN APPRAISAL TECHNIQUES; THE APPRAISAL INTERVIEW; ASSESSING PERFORMANCE AMONG DIFFERENT EMPLOYMENT LEVELS; REVIEWING MANAGEMENT STRATEGY; PERFORMANCE REVIEWS FOR SENIOR MANAGEMENT; THE LIMITATIONS OF APPRAISALS; THE PROMOTION PROCESS; WHAT'S WRONG WITH PROMOTION?; WHY PROMOTIONS ARE IMPORTANT; SUMMARY; DISCUSSION AND REVIEW; ENDNOTES; ADDITIONAL REFERENCES 327 $aPart II: Special Issues in Security Management 330 $aThe second edition of Security Operations Management continues as the seminal reference on corporate security management operations. Revised and updated, topics covered in depth include: access control, selling the security budget upgrades to senior management, the evolution of security standards since 9/11, designing buildings to be safer from terrorism, improving relations between the public and private sectors, enhancing security measures during acute emergencies, and, finally, the increased security issues surrounding the threats of terrorism and cybercrime. An ideal reference for 606 $aPrivate security services$xManagement 606 $aSecurity systems$xManagement 608 $aElectronic books. 615 0$aPrivate security services$xManagement. 615 0$aSecurity systems$xManagement. 676 $a363.289 676 $a658.47 700 $aMcCrie$b Robert D$0900322 801 0$bMiAaPQ 801 1$bMiAaPQ 801 2$bMiAaPQ 906 $aBOOK 912 $a9910457300903321 996 $aSecurity operations management$92011366 997 $aUNINA LEADER 09611nam 2200469 450 001 9910795503603321 005 20230629214730.0 010 $a9781550179620$b(electronic bk.) 010 $z9781550179613 035 $a(MiAaPQ)EBC6862862 035 $a(Au-PeEL)EBL6862862 035 $a(CKB)20920282700041 035 $a(OCoLC)1254089049 035 $a(EXLCZ)9920920282700041 100 $a20220218d2021 uy 0 101 0 $aeng 135 $aurcnu|||||||| 181 $ctxt$2rdacontent 182 $cc$2rdamedia 183 $acr$2rdacarrier 200 14$aThe science and spirit of seaweed $ediscovering food, medicine and purpose in the kelp forests of the Pacific Northwest /$fAmanda Swinimer 210 1$aMadeira Park, BC :$cHarbour Publishing,$d[2021] 210 4$d©2021 215 $a1 online resource (482 pages) 311 08$aPrint version: Swinimer, Amanda The Science and Spirit of Seaweed Madeira Park, BC : Harbour Publishing Co. Ltd.,c2021 9781550179613 327 $aIntro -- Half Title Page -- Title Page -- Copyright -- Dedication -- Table of Contents -- Foreword -- Introduction -- Before the First Harvest -- The First Harvest -- The Sea -- A Note about Sources -- Day 1, Harvest Season #18 -- Algae and Seaweed: A Definition -- Chlorophyta: The Green Seaweeds -- Rhodophyta: The Red Seaweeds -- Phaeophyceae: The Brown Seaweeds -- A Quick and Simple Definition of Seaweeds -- Harvesting Seaweed Sustainably -- Education -- Abundance -- Only Take What You Need and Can Process -- Harvesting by Salvaging -- Listening to the Ecosystem -- Reciprocity -- Commercial Harvest -- Where to Harvest -- Chlorophyta: The Green Seaweeds -- Sea Lettuce and Dark Sea Lettuce -- Ulva spp. and Ulvaria spp. -- Range -- Nutritional Properties -- As a Healing Aid -- Harvesting -- Culinary -- Spa -- A Seaweed by Any Other Name -- Other Common Green Seaweeds of the Pacific Northwest -- Rhodophyta: The Red Seaweeds -- Nori -- Description -- Range -- Nutritional Properties -- As a Healing Aid -- Spa -- Harvesting -- Mother of the Sea -- Culinary -- My Birthday Bear -- Pacific Dulse -- Description -- Range -- Nutritional Properties -- As a Healing Aid -- Harvesting -- Culinary -- Mermaid Envy -- Sea Spaghetti -- Range -- Nutritional Properties -- As a Healing Aid -- Harvesting -- Culinary -- A Sea of Pink -- Rainbow Seaweed -- Description -- Range -- Nutritional Properties -- As a Healing Aid -- Harvesting -- Culinary -- Spa -- Seaweed Apprentices -- Bleach Weed -- Description -- Range -- As a Healing Aid -- Culinary -- The Cabezon -- Turkish Washcloth -- Description -- Range -- As a Healing Aid -- Harvesting -- Culinary -- Spa -- Nature's Masterpiece -- Turkish Towel -- Description -- Range -- As a Healing Aid -- Harvesting -- Culinary -- Spa -- Disco Jellyfish -- Other Common Red Seaweeds of the Pacific Northwest. 327 $aOrder Corallinales-Coralline Algae -- Phaeophyceae: The Brown Seaweeds -- Bull Kelp -- Description -- Range -- Nutritional Properties -- As a Healing Aid -- Harvesting -- Culinary -- The Gift -- Kelp Forests -- The Colour of God -- Giant Kelp -- Description -- Range -- Nutritional Properties -- As a Healing Aid -- Harvesting -- Culinary -- Spa -- Walking Kelp -- Description -- Range -- Harvesting -- Orca Baby -- Winged Kelp -- Description -- Range -- Nutritional Properties -- As a Healing Aid -- Harvesting -- Culinary -- Ocean Style -- Kombu -- Description -- Range -- Nutritional Properties -- As a Healing Aid -- Harvesting -- Culinary -- Spa -- The Phycological Society of America -- Feather Boa -- Description -- Range -- Nutritional Properties -- As a Healing Aid -- Harvesting -- Culinary -- Spa -- A Match Made in Kelp Heaven -- A Kelp to Call Home -- Five-Rib Kelp -- Description -- Range -- Nutritional Properties -- As a Healing Aid -- Harvesting -- Culinary -- Spa -- Under the Ocean Canopy -- Triple-Rib Kelp -- Description -- Range -- Nutritional Properties -- As a Healing Aid -- Harvesting -- Culinary -- Spa -- Fish School -- Sea Cabbage -- Description -- Range -- Nutritional Properties -- As a Healing Aid -- Harvesting -- Culinary -- Spa -- Elegance at Work -- Rockweed -- Description -- Range -- Nutritional Properties -- As a Healing Aid -- Harvesting -- Culinary -- Spa -- Other Common Brown Seaweeds of the Pacific Northwest -- Seaweed & -- Health -- Ho'oponopono -- The Ho'oponopono Prayer -- Ancient Medicine from the Sea -- Seaweed Therapy -- Deep Breath -- Seaweed as Protector -- Immune Support -- Toxin Cleansing -- Radiation Protection -- Protection Against Pathogenic Bacteria -- Protection against Viruses -- Protection against Pathogenic Fungi and Yeasts -- Protection against Parasites -- Seaweeds and Antioxidants. 327 $aAnti-inflammatory Properties of Seaweeds -- Seaweeds and Allergies -- Neuroprotective Properties of Seaweeds -- In Summary -- Fucoidan -- Seaweed and Chronic Diseases -- Seaweed and Cancer -- Seaweed and Cardiovascular Disease -- Seaweed and Diabetes -- Dried Seaweed -- In Summary -- Green Soul -- Fucoxanthin -- Seaweed and Body System Support -- Seaweed and a Healthy Gut -- Seaweed and Respiratory Support -- Seaweed and Bone Health -- Seaweed and Endocrine, Sexual and Reproductive Health -- Seaweed and Metabolic Health -- Seaweed and Mental Health -- The Power of Bathing with Seaweeds -- Seaweed and the Skin -- In Summary -- The Voice of Yearning -- Phlorotannins -- A Recurring Dream -- Algae: A Global Perspective -- Our Planet, Our Collective Responsibility -- A Fish out of Water -- The Central Role of Algae in Global Ecological Health -- Slow Fish . . . Finding My Crew -- Algae and the Challenge of Climate Change -- Algae, CO2 Absorption and Ocean Acidification -- Reducing Methane Emissions from Livestock -- New, More Sustainable Biofuels -- In Summary -- The Blessing of Cold -- Marine Plastic Pollution -- The Great Pacific Garbage Patch -- Mermaids' Tears -- Disposable Plastic Water Bottles -- Solutions -- Serenading the Seaweed -- Eating Sustainably from the Sea -- Traceability -- Bycatch -- Overfishing -- Tropical Farmed Shrimp -- Open-Net Pen Salmon Farms -- Choosing Sustainably Sourced Seafood -- Seaweed as Nourishment -- Tips for Eating Sustainably -- In Summary -- The Last Harvest -- Last Words -- Seaweed Recipes -- Introduction -- Cooking with Sustainably Sourced Seafood -- Salad for Four -- Vancouver Island Niçoise Salad -- Yamy Yam Steak with Sunflower Pesto, Kale Apple Salad, Almonds and Seaweed -- Dakini Togarashi Steamed Bowl -- How to Grind or Flake Seaweed. 327 $aWild Watercress, Kelp and Cauliflower Soup with Crispy Fermented Jerusalem Artichokes -- Okanagan Sweet Corn and Potato Chowder with Wild Mushrooms and Kelp -- Smoked Whitefish Dip and Winged Kelp Seaweed Crackers -- Scallop "Mortadella" -- Albacore Tuna Poke with Bull Kelp, Avocado "Wasabi," Pickled Apple and Crispy Wontons -- Salmon and Prawn Bull Kelp Roulade -- Clam Rice Wraps -- Grilled Octopus with Papas Arrugadas Nero and Bull Kelp Salsa Verde with Pickled Sea Asparagus -- Lingcod Baked in Kelp -- West Coast Biscuits -- Pickled Kelp and Cucumber -- Chocolate Macadamia Ginger Kelp Pavement -- G& -- T by the Sea -- Acknowledgements -- Glossary -- Recommended Reading -- Bibliography -- Chlorophyta: The Green Seaweeds, Rhodophyta: The Red Seaweeds and Phaeophyceae: The Brown Seaweeds -- Seaweed & -- Health -- Algae: A Global Perspective -- Index -- About the Author. 330 $a"Sustainable Pacific Northwest-based seaweed harvester Amanda Swinimer describes the ecology, culinary uses, evidence-based health benefits and climate change-resisting potential of seaweed and shares highlights from her remarkable life beneath the waves. Related to the most ancient living organisms on earth, seaweeds are incredible and unique life forms, sharing qualities with both plants and animals, as well as fungi. They have been prized as a nutrient-dense food source for millennia and contain essential vitamins, minerals and fatty acids, protein and fibre as well as biologically active compounds not found anywhere else in nature. Seaweeds are also a source for innovations combating climate change due in part to their ability to absorb massive quantities of carbon dioxide. Based in the Pacific Northwest, home to the greatest cold-water seaweed diversity in the world, Amanda Swinimer has made her living from the sustainable harvest of seaweeds for over two decades. In The Science and Spirit of Seaweed, Swinimer reflects on the journey that led to her successful seaweed harvesting business and provides identification information, ecologically sound harvesting techniques, traditional medicinal application and evidence-based health information for more than twenty varieties of seaweeds commonly found from California to Alaska. She also includes notes on culinary and skin-care uses for several types of seaweeds. Complemented by vibrant underwater photography, beautiful illustrations and chef-inspired recipes, this volume richly conveys the benefits and wonder of living in harmony with the ocean. It will be a welcome resource to beachcombers, foragers and anyone fascinated by the marvels of the natural world."--$cProvided by publisher. 606 $aMarine algae 606 $aMarine algae culture 615 0$aMarine algae. 615 0$aMarine algae culture. 676 $a333.9538 700 $aSwinimer$b Amanda$01544826 801 0$bMiAaPQ 801 1$bMiAaPQ 801 2$bMiAaPQ 912 $a9910795503603321 996 $aThe science and spirit of seaweed$93799367 997 $aUNINA LEADER 03083nam 22006735 450 001 9910299972003321 005 20251202153051.0 010 $a3-319-12247-9 024 7 $a10.1007/978-3-319-12247-2 035 $a(CKB)3710000000277616 035 $a(EBL)1967005 035 $a(OCoLC)894893471 035 $a(SSID)ssj0001386445 035 $a(PQKBManifestationID)11798997 035 $a(PQKBTitleCode)TC0001386445 035 $a(PQKBWorkID)11350220 035 $a(PQKB)11445344 035 $a(MiAaPQ)EBC1967005 035 $a(DE-He213)978-3-319-12247-2 035 $a(PPN)18309123X 035 $a(EXLCZ)993710000000277616 100 $a20141107d2014 u| 0 101 0 $aeng 135 $aur|n|---||||| 181 $ctxt 182 $cc 183 $acr 200 10$aDistributed Systems with Persistent Memory $eControl and Moment Problems /$fby Luciano Pandolfi 205 $a1st ed. 2014. 210 1$aCham :$cSpringer International Publishing :$cImprint: Springer,$d2014. 215 $a1 online resource (157 p.) 225 1 $aSpringerBriefs in Control, Automation and Robotics,$x2192-6794 300 $aDescription based upon print version of record. 311 08$a3-319-12246-0 320 $aIncludes bibliographical references and index. 327 $aAn Example -- The Model and Preliminaries -- Moment Problems and Exact Controllability -- Controllability of the Wave Equation -- Systems with Persistent Memory: Controllability via Moment Methods -- Systems with Persistent Memory: The Observation Inequality. 330 $aThe subject of the book includes the study of control problems for systems which are encountered in viscoelasticity, non-Fickian diffusion and thermodynamic with memory. The common feature of these systems is that memory of the whole past history persists in the future. This class of systems is actively studied now, as documented in the recent book. This book will attract a diversified audience, in particular, engineers working on distributed systems, and applied mathematicians. Background of mathematics are the elements of functional analysis, which is now standard among people working on distributed systems, and the author describes very clearly the instruments which are used at every step. 410 0$aSpringerBriefs in Control, Automation and Robotics,$x2192-6794 606 $aSystem theory 606 $aControl theory 606 $aFunctional analysis 606 $aSystems Theory, Control 606 $aComplex Systems 606 $aFunctional Analysis 615 0$aSystem theory. 615 0$aControl theory. 615 0$aFunctional analysis. 615 14$aSystems Theory, Control. 615 24$aComplex Systems. 615 24$aFunctional Analysis. 676 $a629.8 700 $aPandolfi$b Luciano$4aut$4http://id.loc.gov/vocabulary/relators/aut$042386 801 0$bMiAaPQ 801 1$bMiAaPQ 801 2$bMiAaPQ 906 $aBOOK 912 $a9910299972003321 996 $aDistributed systems with persistent memory$91409934 997 $aUNINA